| 000 | 01420nab a2200253 i 4500 | ||
|---|---|---|---|
| 001 | 768714001 | ||
| 003 | CO-MdFUSB | ||
| 005 | 20240719081012.0 | ||
| 008 | 240718t1984 enk||||| |||| 00| 0 eng d | ||
| 040 |
_bspa _cCO-MdFUSB _dCO-MdFUSB |
||
| 041 | _aeng | ||
| 100 |
_aHilpert, Konrad, _d1947-. _eautor |
||
| 245 | 3 |
_aThe theological critique of "autonomy" _c/ konrad Hilpert ; traducido por Graham Harrison |
|
| 520 | _aTeológicamente hablando, el hombre está vinculado a la trascendencia porque está en relación soteriológica con Jesús. A través de Jesús, se le da un ejemplo ético de cómo se puede vivir en libertad y solidaridad, además de razón y esperanza. De ello se deduce que si la ética cristiana ha de demostrar su valía en el mundo moderno, debe estar en contacto con la historia experiencial que comenzó con Jesús y Jesús, y en contacto con la comunidad de aquellos que incorporan su influencia en su ethos. | ||
| 546 | _aTexto en inglés. | ||
| 650 | 7 |
_aTeología de la liberación _9449 |
|
| 650 | 7 |
_aCristología _9239 |
|
| 650 | 7 |
_aÉtica cristiana _9185 |
|
| 650 | 7 |
_aReligión y ética _9183 |
|
| 700 |
_aHarrison, Graham, _etraductor |
||
| 773 | 0 |
_070507 _982833 _dLondres : Board, 1966. _oR2685 _tConcilium : _w(CO-MdFUSB)768714001 _x0010-5236 _gVolumen 172, (número 2, 1984), páginas: 9 - 15 _qpágina: 9 |
|
| 942 | _cANA | ||
| 945 | _aCatherine Arias Álvarez - Practicante SENA | ||
| 999 |
_c70530 _d70530 |
||